Φορτώνει......

Essays in social and economic development

Λεπτομέρειες βιβλιογραφικής εγγραφής
Κύριος συγγραφέας: Paul Streeten
Μορφή: Printed Book
Γλώσσα:English
Έκδοση: NewDelhi NewCentury 2010
Θέματα:
LEADER 00543nam a22001697a 4500
005 20160820112743.0
008 101101t xxu||||| |||| 00| 0 eng d
082 |a 330.34  |b STR 
100 |a Paul Streeten   |9 8575 
245 |a Essays in social and economic development 
300 |a xii,371p. 
653 |a economic development 
942 |c BK  |6 _ 
260 |a NewDelhi  |b NewCentury  |c 2010 
020 |a 9788177082326 
999 |c 175909  |d 175909 
952 |0 0  |1 0  |2 ddc  |4 0  |6 33034_STR  |7 0  |9 227831  |a DAE  |b DAE  |d 2010-11-01  |o 330.34 STR  |p ECO11023  |r 2010-11-01  |w 2010-11-01  |y BK